Movies Quiz

Random Movies Quiz

'Ho' Movies Quiz Stats

 Plays Quiz not verified by Sporcle

Support Sporcle.
Go Orange.
Score 0/30 Timer 06:00
0 Plays Today
Hint Movie % Correct
Macaulay Culkin plays Kevin McCallister.Home Alone
92.8%
Dance flick with Jessica alba in the lead.Honey
83.5%
Remake of a classic christmas cartoon - starring Jim Carrey.How the Grinch Stole Christmas
82.7%
Rick Moranis plays a nutty scientist who invents a machine which miniaturizes objects.Honey I Shrunk the Kids
79.9%
A Vietnam vet stays at aunts haunted house.House
76.3%
Very 80's movie featuring a sarcastic humanoid duck.Howard the Duck
76.3%
Chick flick starring Kate Hudson & Matthew McConaughey.How to Lose a Guy in 10 Days
75.5%
Animation about a young Viking who aspires to hunt dragons.How to Train Your Dragon
75.5%
Don Cheadle shelters african refugees.Hotel Rwanda
74.1%
Gene Hackman as a basketball coach.Hoosiers
72.7%
Classic 'Top Gun' spoof starring Charlie Sheen.Hot Shots
69.8%
Kevin Bacon as an invisible psycho.Hollow Man
67.6%
Horror movie remake starring Paris Hilton.House of Wax
64%
Comedy starring Simon Pegg & Nick Frost.Hot Fuzz
60.4%
Four friends experiment with time travel.Hot Tub Time Machine
59.7%
Hint Movie % Correct
Jack Nicholson portrays a legendary union figure who disappeared.Hoffa
59.7%
Very eksplicit 'horror torture' movie.Hostel
56.1%
Harrison Ford & Josh Hartnett team up.Hollywood Homicide
50.4%
Self-proclaimed stuntman Rod Kimble is preparing for the jump of his lifeHot Rod
43.9%
Rob Zombie's horror movie about a bizarre and sadistic family of serial killers. House of 1,000 Corpses
43.9%
Story about three social classes in England - starring Anthony Hopkins.Howard's End
41%
Jeff Goldblum tries to make a profit on Eddie Murphy's spiritual abilities.Holy Man
38.1%
Bruce Willis plays a failed police negotiator turned small town cop.Hostage
36%
Anime by Hayao Miyazaki.Howl's Moving Castle
33.1%
Often considered one of Spielberg's worst movies.Hook
30.2%
A British writer struggles to fit in at a high-profile magazine in New York. Based on Toby Young's memoir.How to Lose Friends & Alienate People
24.5%
Beautiful asian movie that's often compared to 'Crouching Tiger, Hidden Dragon'House of Flying Daggers
22.3%
One of Uwe Boll's countless video game adaptations.House of the Dead
22.3%
Gangster movie featuring Laurence Fishburne as Bumpy Johnson.Hoodlum
16.5%
Clint Eastwood directed and starred in this movie along with his son Kyle.Honkytonk Man
12.2%

You're not logged in!

Compare scores with friends on all Sporcle quizzes.
OR
Log In

From the Vault

Logos Through the Ages: NBC

by WillieG

NBC has never been afraid to let a logo show its true colors.
Remove Ads.
Support Sporcle.
Get the best of Sporcle when you Go Orange. This ad-free experience offers more features, more stats, and more fun while also helping to support Sporcle. Thank you for becoming a member.

Show Comments

Extras

Created Feb 28, 2011ReportNominate
Tags:start

Top Quizzes Today


Score Distribution

Your Account Isn't Verified!

In order to create a playlist on Sporcle, you need to verify the email address you used during registration. Go to your Sporcle Settings to finish the process.

Report this User

Report this user for behavior that violates our Community Guidelines.

Details: